<?xml version="1.0" encoding="UTF-8"?>
<record
    xmlns:xsi="http://www.w3.org/2001/XMLSchema-instance"
    xsi:schemaLocation="http://www.loc.gov/MARC21/slim http://www.loc.gov/standards/marcxml/schema/MARC21slim.xsd"
    xmlns="http://www.loc.gov/MARC21/slim">

  <leader>00380nam a22001697a 4500</leader>
  <controlfield tag="003">SGT</controlfield>
  <datafield tag="020" ind1=" " ind2=" ">
    <subfield code="a">9789388902731</subfield>
  </datafield>
  <datafield tag="082" ind1=" " ind2=" ">
    <subfield code="a">611</subfield>
    <subfield code="b">H20G</subfield>
  </datafield>
  <datafield tag="100" ind1=" " ind2=" ">
    <subfield code="a">Garg, Krishna</subfield>
  </datafield>
  <datafield tag="245" ind1=" " ind2=" ">
    <subfield code="a">B. D. Chaurasia's Human Anatomy, Vol. 2</subfield>
  </datafield>
  <datafield tag="250" ind1=" " ind2=" ">
    <subfield code="a">8th</subfield>
  </datafield>
  <datafield tag="260" ind1=" " ind2=" ">
    <subfield code="b">CBS Publishers &amp; Distributers</subfield>
    <subfield code="c">2020</subfield>
  </datafield>
  <datafield tag="300" ind1=" " ind2=" ">
    <subfield code="a">532</subfield>
  </datafield>
  <datafield tag="650" ind1=" " ind2=" ">
    <subfield code="a">Anatomy</subfield>
  </datafield>
  <datafield tag="653" ind1=" " ind2=" ">
    <subfield code="a">Anatomy</subfield>
  </datafield>
  <datafield tag="942" ind1=" " ind2=" ">
    <subfield code="2">ddc</subfield>
    <subfield code="c">BK</subfield>
    <subfield code="0">3</subfield>
  </datafield>
  <datafield tag="952" ind1=" " ind2=" ">
    <subfield code="0">0</subfield>
    <subfield code="1">0</subfield>
    <subfield code="2">ddc</subfield>
    <subfield code="4">0</subfield>
    <subfield code="7">0</subfield>
    <subfield code="a">FD</subfield>
    <subfield code="b">FD</subfield>
    <subfield code="d">2022-06-09</subfield>
    <subfield code="e">Ahuja Book Co. Pvt. Ltd. </subfield>
    <subfield code="g">795.00</subfield>
    <subfield code="h">2</subfield>
    <subfield code="i">SGTU</subfield>
    <subfield code="o">611 H20G</subfield>
    <subfield code="p">FD8811</subfield>
    <subfield code="r">2022-06-09 00:00:00</subfield>
    <subfield code="w">2022-04-16</subfield>
    <subfield code="y">BK</subfield>
    <subfield code="k">14353</subfield>
  </datafield>
  <datafield tag="952" ind1=" " ind2=" ">
    <subfield code="0">0</subfield>
    <subfield code="1">0</subfield>
    <subfield code="2">ddc</subfield>
    <subfield code="4">0</subfield>
    <subfield code="7">0</subfield>
    <subfield code="a">FD</subfield>
    <subfield code="b">FD</subfield>
    <subfield code="d">2022-06-09</subfield>
    <subfield code="e">Ahuja Book Co. Pvt. Ltd. </subfield>
    <subfield code="g">795.00</subfield>
    <subfield code="h">2</subfield>
    <subfield code="i">SGTU</subfield>
    <subfield code="l">6</subfield>
    <subfield code="o">611 H20G</subfield>
    <subfield code="p">FD8812</subfield>
    <subfield code="r">2025-06-26 00:00:00</subfield>
    <subfield code="s">2025-06-26</subfield>
    <subfield code="w">2022-04-16</subfield>
    <subfield code="y">BK</subfield>
    <subfield code="k">14353</subfield>
  </datafield>
  <datafield tag="952" ind1=" " ind2=" ">
    <subfield code="0">0</subfield>
    <subfield code="1">0</subfield>
    <subfield code="2">ddc</subfield>
    <subfield code="4">0</subfield>
    <subfield code="7">0</subfield>
    <subfield code="a">FD</subfield>
    <subfield code="b">FD</subfield>
    <subfield code="d">2022-06-09</subfield>
    <subfield code="e">Ahuja Book Co. Pvt. Ltd. </subfield>
    <subfield code="g">795.00</subfield>
    <subfield code="h">2</subfield>
    <subfield code="i">SGTU</subfield>
    <subfield code="l">0</subfield>
    <subfield code="o">611 H20G</subfield>
    <subfield code="p">FD8813</subfield>
    <subfield code="r">2022-06-09 00:00:00</subfield>
    <subfield code="w">2022-04-16</subfield>
    <subfield code="y">BK</subfield>
    <subfield code="k">14353</subfield>
  </datafield>
  <datafield tag="952" ind1=" " ind2=" ">
    <subfield code="0">0</subfield>
    <subfield code="1">0</subfield>
    <subfield code="2">ddc</subfield>
    <subfield code="4">0</subfield>
    <subfield code="7">0</subfield>
    <subfield code="a">FD</subfield>
    <subfield code="b">FD</subfield>
    <subfield code="d">2022-06-09</subfield>
    <subfield code="e">Ahuja Book Co. Pvt. Ltd. </subfield>
    <subfield code="g">795.00</subfield>
    <subfield code="h">2</subfield>
    <subfield code="i">SGTU</subfield>
    <subfield code="l">0</subfield>
    <subfield code="o">611 H20G</subfield>
    <subfield code="p">FD8814</subfield>
    <subfield code="r">2022-06-09 00:00:00</subfield>
    <subfield code="w">2022-04-16</subfield>
    <subfield code="y">BK</subfield>
    <subfield code="k">14353</subfield>
  </datafield>
  <datafield tag="952" ind1=" " ind2=" ">
    <subfield code="0">0</subfield>
    <subfield code="1">0</subfield>
    <subfield code="2">ddc</subfield>
    <subfield code="4">0</subfield>
    <subfield code="7">0</subfield>
    <subfield code="a">FD</subfield>
    <subfield code="b">FD</subfield>
    <subfield code="d">2022-06-09</subfield>
    <subfield code="e">Ahuja Book Co. Pvt. Ltd. </subfield>
    <subfield code="g">795.00</subfield>
    <subfield code="h">2</subfield>
    <subfield code="i">SGTU</subfield>
    <subfield code="l">1</subfield>
    <subfield code="o">611 H20G</subfield>
    <subfield code="p">FD8815</subfield>
    <subfield code="r">2023-09-11 00:00:00</subfield>
    <subfield code="s">2023-09-11</subfield>
    <subfield code="w">2022-04-16</subfield>
    <subfield code="y">BK</subfield>
    <subfield code="k">14353</subfield>
  </datafield>
  <datafield tag="999" ind1=" " ind2=" ">
    <subfield code="c">22797</subfield>
    <subfield code="d">22797</subfield>
  </datafield>
</record>
